| 000 | 00419cam a2200169ua 4500 | ||
|---|---|---|---|
| 020 | _c190.00 | ||
| 041 |
_aeng _h |
||
| 082 |
_a637.14 _bAHM/DA |
||
| 100 | _aAhmad, Tufail . | ||
| 245 |
_aDairy plant systems engineering / _cTufail Ahmad. _hTextual Documents |
||
| 260 |
_aAllahabad : _bKitab Mahal , _c1985. |
||
| 300 | _a466 ; . | ||
| 365 | _a190.00 | ||
| 504 | _a | ||
| 942 | _cBK | ||
| 999 |
_c11106 _d11106 |
||